| 000 | 00993nam a22002297a 4500 | ||
|---|---|---|---|
| 003 | OSt | ||
| 005 | 20240719210939.0 | ||
| 008 | 240719b |||||||| |||| 00| 0 eng d | ||
| 020 | _a9789589658529 | ||
| 040 |
_aCO-UdeC _besp _cCO-UdeC _dCO-UdeC _eAARC |
||
| 082 | 0 | 4 |
_a808.88 _bC836 |
| 100 | 1 |
_aCossio, Alexander _91772 |
|
| 245 | 1 | 0 |
_aDigitando sentimientos : _bmensajes de texto / _cAlexander Cossio. |
| 260 | 0 |
_a[Bogotá] : _bCargraphics S.A, _c2007. |
|
| 300 |
_a52 p. ; _c24 cm. |
||
| 500 | _a Conquista-Amor-Seducción-Arrepentimiento-Perdón-Desamor-Cumpleaños-Felicitaciones-Aliento & todos esos sentimientos que quieres expresar. | ||
| 505 | 0 | _aDe conquista -- De amor -- De seducción -- De arrepentimiento -- De perdón -- De desamor -- De cumpleaños -- De felicitaciones -- De aliento -- De mamá o papá -- Al hijo (a) -- Al amigo (a) | |
| 546 | _aEspañol | ||
| 650 | 1 | 4 |
_aCitas colombianas _92626 |
| 650 | 1 | 4 |
_a Aforismos y apotegmas _92627 |
| 942 |
_2ddc _cBK _h808.88 C836 _n0 |
||
| 999 |
_c1839 _d1839 |
||